Header Image

Corporate Social Responsibility (Record no. 13598)

MARC details
000 -LEADER
fixed length control field 00343nam a2200145Ia 4500
005 - DATE AND TIME OF LATEST TRANSACTION
control field 20250508165023.0
008 - FIXED-LENGTH DATA ELEMENTS--GENERAL INFORMATION
fixed length control field 250508s9999||||xx |||||||||||||| ||und||
041 ## - LANGUAGE CODE
Language code of text/sound track or separate title English
082 ## - DEWEY DECIMAL CLASSIFICATION NUMBER
Classification number 658.408
Item number PAL
100 ## - MAIN ENTRY--PERSONAL NAME
Personal name Paleri, Prabhakran
245 #0 - TITLE STATEMENT
Title Corporate Social Responsibility
260 ## - PUBLICATION, DISTRIBUTION, ETC.
Name of publisher, distributor, etc. Cengage
Date of publication, distribution, etc. 2020
300 ## - PHYSICAL DESCRIPTION
Extent 443p
942 ## - ADDED ENTRY ELEMENTS (KOHA)
Koha item type Book
Holdings
Withdrawn status Lost status Damaged status Not for loan Home library Current library Date acquired Source of acquisition Total checkouts Full call number Barcode Koha item type
        IILM-LR IILM-LR 30/04/2024 Purchased   658.408 PAL R0000224 Book
        IILM-LR IILM-LR 30/04/2024 Purchased   658.408 PAL R0000225 Book
        IILM-LR IILM-LR 30/04/2024 Purchased   658.408 PAL R0000226 Book
        IILM-LR IILM-LR 30/04/2024 Purchased   658.408 PAL R0000227 Book
        IILM-LR IILM-LR 30/04/2024 Purchased   658.408 PAL R0000228 Book
© IILM-LR All rights reserved.
IILM-Lodhi Road
Contact :librarianlr@iilm.edu
Visitor Count: Visit counter For Websites